| 000 | 00948nam a22003610a 4500 | ||
|---|---|---|---|
| 001 | PT8278 | ||
| 003 | AR-LpoUNG | ||
| 005 | 20210131232319.0 | ||
| 008 | 191001s1997||||xxk|||||||||||||||||eng d | ||
| 020 |
_a0631186085 _c$44.81 |
||
| 040 |
_aAR-LpoUNG _bspa _cAR-LpoUNG _eaacr |
||
| 041 | _aeng | ||
| 044 | _axxk | ||
| 082 | 0 | _aR910 943en | |
| 100 | 1 | _aGoudie, Andrew | |
| 245 | 1 | 4 | _aThe encyclopedic dictionary of physical geography |
| 250 | _a2º edición - reimpresión | ||
| 260 |
_aOxford : _bBlackwell, _c1997. |
||
| 650 | 4 | _aASPECTOS GEOGRAFICOS | |
| 650 | 4 | _aCLIMATOLOGIA | |
| 650 | 4 | _aDISTRIBUCION GEOGRAFICA | |
| 650 | 4 | _aGEOGRAFIA | |
| 650 | 4 | _aGEOGRAFIA FISICA | |
| 650 | 4 | _aMATERIAL DE REFERENCIA | |
| 650 | 4 | _aTERMINOLOGIA | |
| 700 | 1 | _aAtkinson, B. W. | |
| 700 | 1 | _aGregory, K. J. | |
| 700 | 1 | _aSimmons, Ian G. | |
| 700 | 1 | _aStoddart, D. R. | |
| 700 | 1 | _aSugden, David | |
| 905 | _a8278 | ||
| 942 | _cLSALA | ||
| 999 |
_c14871 _d14871 |
||